| 000 | 00742nam a2200205Ia 4500 | ||
|---|---|---|---|
| 003 | GCL | ||
| 008 | 140319s9999 xx 000 0 ara d | ||
| 040 |
_aGCL / _cGCL |
||
| 082 | 0 | 4 |
_a301.243 _bك ع |
| 100 | 1 | _aكمال عبدالحميد الزيات | |
| 245 | 1 | 0 |
_aعلم الاجتماع الصناعى والمهنى (نماذج تطبيقية) / _cكمال عبدالحميد الزيات |
| 260 |
_a[S.N] : _bمكتبة نهضة الشرق ، _c1987 |
||
| 300 | _a263 | ||
| 490 |
_aسلسلة علم اجتماع العالم الثالث _v0 |
||
| 650 | 0 | 4 | _aالاجتماع |
| 650 | 0 | 4 | _aادارة الافراد |
| 650 | 0 | 4 | _aعلم النفس الصناعى |
| 650 | 0 | 4 | _aالاجتماع الصناعى |
| 942 |
_2ddc _cBK |
||
| 999 |
_c55355 _d55355 |
||